[Event "16th Deltalift Open 2019"]
[Site "Halmstad"]
[Date "2019.05.30"]
[Round "1.21"]
[White "Sjoberg, Isak"]
[Black "Haraldsson, Leif"]
[Result "1-0"]
[WhiteElo "2208"]
[BlackElo "1870"]
[Annotator "ChessBase"]
[PlyCount "75"]
[EventDate "2019.05.30"]
[EventType "swiss"]
[EventCountry "SWE"]
[SourceTitle "playchess.com"]
[Source "ChessBase"]
[SourceQuality "1"]
[TimeControl "1800+12"]

1. e4 {[%emt 0:00:00]} d6 {[%emt 0:00:00]} 2. d4 {[%emt 0:00:14]} Nd7 {[%emt 0:00:00]} 3. Nf3 {[%emt 0:00:15]} c6 {[%emt 0:00:20]} 4. Nc3 {[%emt 0:00:10]} Qc7 {[%emt 0:00:31]} 5. a4 {[%emt 0:00:19]} e5 {[%emt 0:00:57]} 6. Bc4 {[%emt 0:01:08]} h6 {[%emt 0:00:39]} 7. O-O {[%emt 0:01:00]} Be7 {[%emt 0:00:37]} 8. Be3 {[%emt 0:01:24]} a5 {[%emt 0:00:36]} 9. Qe2 {[%emt 0:01:30]} Nf8 {[%emt 0:00:23]} 10. Bb3 {[%emt 0:00:32]} g5 {[%emt 0:00:14]} 11. Qc4 {[%emt 0:00:45]} Rh7 {[%emt 0:04:43]} 12. dxe5 {[%emt 0:02:03]} Be6 {[%emt 0:03:00]} 13. Qe2 {[%emt 0:03:45]} dxe5 {[%emt 0:00:29]} 14. Rfd1 {[%emt 0:00:52]} g4 {[%emt 0:03:08]} 15. Nd2 {[%emt 0:00:09]} Nf6 {[%emt 0:00:16]} 16. Bxe6 {[%emt 0:05:15]} Nxe6 {[%emt 0:00:04]} 17. Nc4 {[%emt 0:00:10]} h5 {[%emt 0:01:03]} 18. Bb6 {[%emt 0:01:19]} Qb8 {[%emt 0:00:41]} 19. Ne3 {[%emt 0:00:11]} Ra6 {[%emt 0:01:24]} 20. Nc4 {[%emt 0:00:18]} Nd7 {[%emt 0:03:15]} 21. Bxa5 {[%emt 0:01:43]} Nd4 {[%emt 0:01:10]} 22. Qd3 {[%emt 0:00:28]} Nc5 {[%emt 0:00:21]} 23. Qd2 {[%emt 0:00:30]} Nce6 {[%emt 0:00:27]} 24. Bb6 {[%emt 0:00:37]} Bg5 {[%emt 0:00:07]} 25. Qd3 {[%emt 0:00:27]} Nf4 {[%emt 0:00:02]} 26. Qf1 {[%emt 0:00:12]} Nxc2 {[%emt 0:00:25]} 27. Rac1 {[%emt 0:01:15]} Nb4 {[%emt 0:00:17]} 28. a5 {[%emt 0:02:49]} Nbd3 {[%emt 0:02:08]} 29. Rc2 {[%emt 0:00:07]} h4 {[%emt 0:00:01]} 30. Rxd3 {[%emt 0:00:13]} Nxd3 {[%emt 0:00:01]} 31. Qxd3 {[%emt 0:00:02]} Ra8 {[%emt 0:01:57]} 32. Bc5 {[%emt 0:00:12]} Be7 {[%emt 0:01:36]} 33. Bxe7 {[%emt 0:01:16]} Kxe7 {[%emt 0:00:01]} 34. Rd2 {[%emt 0:00:08]} Qc7 {[%emt 0:00:12]} 35. Qe3 {[%emt 0:00:24]} Rg8 {[%emt 0:00:41]} 36. Qc5+ {[%emt 0:00:04]} Ke8 {[%emt 0:01:00]} 37. Nd6+ {[%emt 0:00:06]} Kf8 {[%emt 0:00:03]} 38. Ndb5+ {[%emt 0:00:30]} 1-0

[Event "16th Deltalift Open 2019"]
[Site "Halmstad"]
[Date "2019.05.30"]
[Round "1.22"]
[White "Frisk, Hans"]
[Black "Carlsson, Ludvig"]
[Result "0-1"]
[WhiteElo "1866"]
[BlackElo "2208"]
[Annotator "ChessBase"]
[PlyCount "42"]
[EventDate "2019.05.30"]
[EventType "swiss"]
[EventCountry "SWE"]
[SourceTitle "playchess.com"]
[Source "ChessBase"]
[SourceQuality "1"]
[TimeControl "1800+12"]

1. b3 {[%emt 0:00:00]} e5 {[%emt 0:00:00]} 2. Bb2 {[%emt 0:00:00]} Nc6 {[%emt 0:00:04]} 3. e3 {[%emt 0:00:01]} Nf6 {[%emt 0:00:05]} 4. Bb5 {[%emt 0:00:48]} e4 {[%emt 0:00:05]} 5. Ne2 {[%emt 0:01:45]} d5 {[%emt 0:00:22]} 6. Bxc6+ {[%emt 0:01:52]} bxc6 {[%emt 0:00:07]} 7. O-O {[%emt 0:00:11]} Bd6 {[%emt 0:00:11]} 8. f4 {[%emt 0:04:06]} exf3 {[%emt 0:05:01]} 9. Rxf3 {[%emt 0:00:55]} Bg4 {[%emt 0:00:24]} 10. Bxf6 {[%emt 0:01:29]} gxf6 {[%emt 0:00:12]} 11. Rf2 {[%emt 0:01:20]} Qe7 {[%emt 0:00:58]} 12. Nbc3 {[%emt 0:03:04]} Qe5 {[%emt 0:01:18]} 13. g3 {[%emt 0:04:02]} h5 {[%emt 0:00:06]} 14. Qf1 {[%emt 0:00:39]} h4 {[%emt 0:01:02]} 15. Rxf6 {[%emt 0:02:37]} hxg3 {[%emt 0:00:06]} 16. Nxg3 {[%emt 0:00:38]} Rxh2 {[%emt 0:00:41]} 17. Qf4 {[%emt 0:02:10]} Rxd2 {[%emt 0:01:46]} 18. Rf1 {[%emt 0:05:03]} Qxf4 {[%emt 0:00:08]} 19. exf4 {[%emt 0:00:42]} Ke7 {[%emt 0:01:34]} 20. Rh6 {[%emt 0:00:06]} Rg8 {[%emt 0:00:08]} 21. Rf2 {[%emt 0:00:43]} Bc5 {[%emt 0:00:10]} 0-1

[Event "16th Deltalift Open 2019"]
[Site "Halmstad"]
[Date "2019.05.30"]
[Round "1.23"]
[White "Holst, Conny"]
[Black "Westergren, Bertil"]
[Result "1/2-1/2"]
[WhiteElo "2197"]
[BlackElo "1865"]
[Annotator "ChessBase"]
[PlyCount "63"]
[EventDate "2019.05.30"]
[EventType "swiss"]
[EventCountry "SWE"]
[SourceTitle "playchess.com"]
[Source "ChessBase"]
[SourceQuality "1"]
[TimeControl "1800+12"]

1. d4 {[%emt 0:00:00]} d5 {[%emt 0:00:00]} 2. c4 {[%emt 0:00:00]} dxc4 {[%emt 0:00:08]} 3. Nf3 {[%emt 0:00:06]} Nf6 {[%emt 0:00:06]} 4. e3 {[%emt 0:00:08]} a6 {[%emt 0:00:14]} 5. Bxc4 {[%emt 0:00:22]} b5 {[%emt 0:00:25]} 6. Bb3 {[%emt 0:01:06]} e6 {[%emt 0:00:32]} 7. O-O {[%emt 0:00:09]} c5 {[%emt 0:00:51]} 8. a4 {[%emt 0:01:52]} Bb7 {[%emt 0:02:48]} 9. axb5 {[%emt 0:00:08]} axb5 {[%emt 0:00:02]} 10. Rxa8 {[%emt 0:00:03]} Bxa8 {[%emt 0:00:03]} 11. Qe2 {[%emt 0:01:53]} c4 {[%emt 0:01:45]} 12. Bc2 {[%emt 0:00:11]} Be7 {[%emt 0:00:08]} 13. b3 {[%emt 0:01:04]} Qc7 {[%emt 0:02:30]} 14. bxc4 {[%emt 0:01:30]} bxc4 {[%emt 0:00:45]} 15. Ne5 {[%emt 0:03:46]} O-O {[%emt 0:01:13]} 16. Qxc4 {[%emt 0:00:27]} Qb7 {[%emt 0:01:33]} 17. f3 {[%emt 0:00:24]} Rc8 {[%emt 0:00:37]} 18. Qd3 {[%emt 0:01:47]} g6 {[%emt 0:00:21]} 19. Ba3 {[%emt 0:01:23]} Bxa3 {[%emt 0:01:30]} 20. Nxa3 {[%emt 0:00:06]} Nc6 {[%emt 0:01:50]} 21. Rb1 {[%emt 0:01:14]} Qe7 {[%emt 0:01:18]} 22. Nxc6 {[%emt 0:00:32]} Bxc6 {[%emt 0:00:17]} 23. Nc4 {[%emt 0:00:51]} Nd5 {[%emt 0:00:52]} 24. Nb6 {[%emt 0:00:51]} Rb8 {[%emt 0:01:18]} 25. Nxd5 {[%emt 0:00:08]} Rxb1+ {[%emt 0:00:07]} 26. Bxb1 {[%emt 0:00:02]} exd5 {[%emt 0:00:35]} 27. e4 {[%emt 0:00:49]} Qb4 {[%emt 0:00:19]} 28. h3 {[%emt 0:01:03]} Bb5 {[%emt 0:00:24]} 29. Qd1 {[%emt 0:01:06]} Ba4 {[%emt 0:00:17]} 30. Qd3 {[%emt 0:02:52]} Bb5 {[%emt 0:00:15]} 31. Qd1 {[%emt 0:00:02]} Ba4 {[%emt 0:00:02]} 32. Qd3 {[%emt 0:00:03]} 1/2-1/2

[Event "16th Deltalift Open 2019"]
[Site "Halmstad"]
[Date "2019.05.30"]
[Round "1.24"]
[White "Tillman, Jan-Olof"]
[Black "Wahlstrom, Lennart"]
[Result "0-1"]
[WhiteElo "1858"]
[BlackElo "2196"]
[Annotator "ChessBase"]
[PlyCount "66"]
[EventDate "2019.05.30"]
[EventType "swiss"]
[EventCountry "SWE"]
[SourceTitle "playchess.com"]
[Source "ChessBase"]
[SourceQuality "1"]
[TimeControl "1800+12"]

1. d4 {[%emt 0:00:00]} d5 {[%emt 0:00:00]} 2. Nf3 {[%emt 0:00:01]} c5 {[%emt 0:00:00]} 3. e3 {[%emt 0:00:44]} Nc6 {[%emt 0:00:09]} 4. Be2 {[%emt 0:00:09]} Nf6 {[%emt 0:00:11]} 5. O-O {[%emt 0:00:04]} e6 {[%emt 0:00:07]} 6. b3 {[%emt 0:01:12]} Bd6 {[%emt 0:01:05]} 7. Bb2 {[%emt 0:00:24]} O-O {[%emt 0:00:38]} 8. c4 {[%emt 0:01:37]} Qe7 {[%emt 0:03:18]} 9. Nc3 {[%emt 0:00:42]} cxd4 {[%emt 0:02:22]} 10. Nxd4 {[%emt 0:02:06]} Nxd4 {[%emt 0:01:58]} 11. Qxd4 {[%emt 0:00:17]} e5 {[%emt 0:01:42]} 12. Qd1 {[%emt 0:05:43]} dxc4 {[%emt 0:00:36]} 13. Bxc4 {[%emt 0:00:10]} a6 {[%emt 0:03:37]} 14. Qe2 {[%emt 0:04:13]} Be6 {[%emt 0:02:53]} 15. Bxe6 {[%emt 0:05:25]} Qxe6 {[%emt 0:00:02]} 16. Rfd1 {[%emt 0:00:15]} Rfd8 {[%emt 0:01:20]} 17. h3 {[%emt 0:01:20]} Rac8 {[%emt 0:02:28]} 18. Rac1 {[%emt 0:00:18]} Bb4 {[%emt 0:02:03]} 19. Rxd8+ {[%emt 0:05:49]} Rxd8 {[%emt 0:00:06]} 20. a3 {[%emt 0:00:25]} Be7 {[%emt 0:00:52]} 21. b4 {[%emt 0:00:07]} Qb3 {[%emt 0:01:18]} 22. e4 {[%emt 0:00:42]} Rc8 {[%emt 0:02:24]} 23. Kh2 {[%emt 0:00:32]} b5 {[%emt 0:00:50]} 24. Nd5 {[%emt 0:01:27]} Rxc1 {[%emt 0:00:49]} 25. Nxe7+ {[%emt 0:00:02]} Kf8 {[%emt 0:00:01]} 26. Bxc1 {[%emt 0:00:02]} Kxe7 {[%emt 0:00:02]} 27. Qe3 {[%emt 0:00:05]} Qxe3 {[%emt 0:00:10]} 28. Bxe3 {[%emt 0:00:04]} Nxe4 {[%emt 0:00:02]} 29. f3 {[%emt 0:00:24]} Nc3 {[%emt 0:00:16]} 30. Kg3 {[%emt 0:00:13]} f5 {[%emt 0:00:18]} 31. Bc5+ {[%emt 0:00:18]} Kf6 {[%emt 0:00:19]} 32. f4 {[%emt 0:00:15]} Ne4+ {[%emt 0:00:04]} 33. Kf3 {[%emt 0:00:05]} Nxc5 {[%emt 0:00:06]} 0-1

[Event "16th Deltalift Open 2019"]
[Site "Halmstad"]
[Date "2019.05.30"]
[Round "2.1"]
[White "Sigeman, Johan"]
[Black "Jobava, Baadur"]
[Result "0-1"]
[WhiteElo "2131"]
[BlackElo "2618"]
[Annotator "TA"]
[PlyCount "74"]
[EventDate "2019.05.30"]
[EventType "swiss"]
[EventCountry "SWE"]
[SourceTitle "playchess.com"]
[Source "ChessBase"]
[SourceQuality "1"]

{[%evp 9,74,16,20,22,68,13,14,-7,-6,-75,8,1,37,8,0,-75,0,-35,-32,-16,-21,-89,34,16,78,72,73,27,23,-34,-10,-10,0,-51,11,0,58,0,79,94,55,64,66,4,14,14,14,14,21,0,0,-227,-233,-425,-448,-374,-241,-427,-356,-335,-318,-323,-302,-364,-338,-329,-222]} 1. c4 Nf6 2. Nc3 e6 3. e4 d5 4. cxd5 exd5 5. e5 Ne4 6. d4 {A18: English Opening: Flohr-Mikenas System (1 c4 Nf6 2 Nc3 e6 3 e4)} (6. Nf3 Bf5 7. d4 Bb4 8. Bd2 Bxc3 9. Bxc3 O-O 10. Be2 b6 11. O-O c5 12. Nd2 Nc6 13. Nxe4 Bxe4 14. f3 {½-½ (30) Howell,D (2685)-Nakamura,H (2749) Caleta 2019}) 6... Nc6 7. Nf3 ({White should try} 7. Bb5 $14) 7... Bb4 $11 8. Bd2 {The position is equal.} O-O 9. Bd3 {[#]} (9. Bb5 $11) 9... Bf5 (9... Bg4 $1 $17 10. Be2 (10. Nxe4 dxe4 11. Bxe4 Bxf3 $17) 10... Re8) 10. O-O Bg6 $146 (10... Bg4 $5 {[%cal Rc6d4]}) ({Predecessor:} 10... Bg4 11. Nxe4 dxe4 12. Bxe4 Bxd2 13. Qxd2 Nxd4 14. Nxd4 c5 {0-1 (42) Narayan,A (992)-Zhou,A (1000) Fremont 2005}) 11. Qe2 f5 {With the idea ...Bh5.} 12. a3 (12. exf6 $11 Bxc3 13. bxc3) 12... Bxc3 (12... Bh5 $17 13. axb4 (13. Nxe4 fxe4 14. Bxb4 Nxb4 $19) 13... Nxd4) 13. bxc3 Bh5 14. Rab1 Na5 15. c4 {[#]} (15. Bf4 $11) 15... Nxc4 (15... Nc6 $1 $17 {[%cal Rc6d4] And now ...Nxd4! would win.} 16. Be3 Nc3 {[%mdl 64] Double Attack}) 16. Bxc4 $14 dxc4 (16... Nxd2 $11 {keeps the balance.} 17. Qxd2 dxc4) 17. Qxc4+ $16 Kh8 18. Bb4 Re8 19. Rb3 (19. Nd2 $11) 19... Qd7 {White should prevent ...Bf7.} 20. Re3 Rad8 21. h3 ({Better is} 21. Rfe1 $11) 21... Re6 (21... b6 $15) 22. Nh4 Bg6 (22... Bf7 $11 23. Nxf5 Rg6) 23. f3 ({White should play} 23. Rd1 $14) 23... Ng3 (23... Nf6 $11 {remains equal.}) 24. Rd1 f4 25. Nxg6+ hxg6 26. Red3 (26. Ree1 $14 Rde8 27. Bc3) 26... g5 27. Be1 Nf5 28. Bf2 Ne7 29. d5 Rxe5 30. Bd4 $2 (30. Qb4 $11) 30... Rxd5 $19 {...c6 is the strong threat.} 31. Qc3 $2 (31. R3d2) 31... Kh7 32. Qc2 Ng6 {White must now prevent ...c5!} 33. h4 $2 (33. R3d2) 33... gxh4 {Strongly threatening ...c5!} 34. R3d2 c6 35. Bc3 Qf7 36. Re1 Rxd2 37. Bxd2 Qd5 {Accuracy: White = 32%, Black = 36%.} 0-1

[Event "16th Deltalift Open 2019"]
[Site "Halmstad"]
[Date "2019.05.30"]
[Round "2.2"]
[White "Hector, Jonny"]
[Black "Holm, Ragnar"]
[Result "1-0"]
[WhiteElo "2488"]
[BlackElo "2124"]
[Annotator "ChessBase"]
[PlyCount "63"]
[EventDate "2019.05.30"]
[EventType "swiss"]
[EventCountry "SWE"]
[SourceTitle "playchess.com"]
[Source "ChessBase"]
[SourceQuality "1"]
[TimeControl "1800+12"]

1. e4 {[%emt 0:00:00]} c5 {[%emt 0:00:00]} 2. Nf3 {[%emt 0:00:01]} g6 {[%emt 0:00:00]} 3. d4 {[%emt 0:00:05]} cxd4 {[%emt 0:00:01]} 4. Nxd4 {[%emt 0:00:03]} Bg7 {[%emt 0:00:06]} 5. Nc3 {[%emt 0:00:08]} Nc6 {[%emt 0:00:17]} 6. Nb3 {[%emt 0:00:26]} d6 {[%emt 0:00:31]} 7. Be2 {[%emt 0:00:09]} Nf6 {[%emt 0:00:07]} 8. O-O {[%emt 0:00:05]} O-O {[%emt 0:00:19]} 9. Re1 {[%emt 0:00:06]} Bd7 {[%emt 0:01:05]} 10. Bg5 {[%emt 0:00:17]} Rc8 {[%emt 0:00:52]} 11. Qd2 {[%emt 0:00:46]} Re8 {[%emt 0:00:37]} 12. Bf1 {[%emt 0:02:24]} Be6 {[%emt 0:02:19]} 13. Nd5 {[%emt 0:00:43]} Bxd5 {[%emt 0:00:28]} 14. exd5 {[%emt 0:00:02]} Ne5 {[%emt 0:00:09]} 15. c3 {[%emt 0:02:22]} a5 {[%emt 0:01:07]} 16. Bb5 {[%emt 0:00:21]} Rf8 {[%emt 0:02:58]} 17. Rad1 {[%emt 0:00:51]} Nc4 {[%emt 0:02:50]} 18. Qe2 {[%emt 0:00:53]} Nb6 {[%emt 0:03:23]} 19. Qxe7 {[%emt 0:03:10]} Qxe7 {[%emt 0:04:20]} 20. Rxe7 {[%emt 0:00:06]} Nfxd5 {[%emt 0:01:19]} 21. Rxb7 {[%emt 0:01:12]} a4 {[%emt 0:00:27]} 22. Na5 {[%emt 0:03:37]} h6 {[%emt 0:02:13]} 23. Bd2 {[%emt 0:01:34]} Rb8 {[%emt 0:02:00]} 24. Rxb8 {[%emt 0:01:29]} Rxb8 {[%emt 0:00:02]} 25. Nc6 {[%emt 0:00:15]} Ra8 {[%emt 0:00:32]} 26. a3 {[%emt 0:00:29]} g5 {[%emt 0:01:41]} 27. g3 {[%emt 0:01:52]} Nc7 {[%emt 0:01:37]} 28. Bf1 {[%emt 0:00:08]} Kf8 {[%emt 0:01:21]} 29. Be3 {[%emt 0:00:55]} Nbd5 {[%emt 0:00:38]} 30. Bd4 {[%emt 0:00:52]} Bxd4 {[%emt 0:00:48]} 31. Rxd4 {[%emt 0:00:03]} Ne7 {[%emt 0:00:15]} 32. Rxd6 {[%emt 0:00:16]} 1-0

[Event "16th Deltalift Open 2019"]
[Site "Halmstad"]
[Date "2019.05.30"]
[Round "2.3"]
[White "Svensson, Mikael"]
[Black "Cramling, Pia"]
[Result "0-1"]
[WhiteElo "2125"]
[BlackElo "2454"]
[Annotator "ChessBase"]
[PlyCount "70"]
[EventDate "2019.05.30"]
[EventType "swiss"]
[EventCountry "SWE"]
[SourceTitle "playchess.com"]
[Source "ChessBase"]
[SourceQuality "1"]
[TimeControl "1800+12"]

1. d4 {[%emt 0:00:00]} Nf6 {[%emt 0:00:00]} 2. Nf3 {[%emt 0:00:00]} e6 {[%emt 0:00:00]} 3. Bg5 {[%emt 0:00:00]} h6 {[%emt 0:00:01]} 4. Bh4 {[%emt 0:00:01]} b6 {[%emt 0:00:10]} 5. e3 {[%emt 0:00:09]} Bb7 {[%emt 0:00:05]} 6. Bd3 {[%emt 0:00:13]} d6 {[%emt 0:01:32]} 7. O-O {[%emt 0:00:08]} Nbd7 {[%emt 0:00:11]} 8. Nbd2 {[%emt 0:00:27]} Be7 {[%emt 0:00:46]} 9. c3 {[%emt 0:00:31]} c5 {[%emt 0:03:12]} 10. e4 {[%emt 0:00:57]} cxd4 {[%emt 0:01:33]} 11. cxd4 {[%emt 0:00:06]} O-O {[%emt 0:00:06]} 12. Rc1 {[%emt 0:01:38]} a6 {[%emt 0:01:18]} 13. h3 {[%emt 0:06:31]} e5 {[%emt 0:04:22]} 14. Bg3 {[%emt 0:00:38]} Re8 {[%emt 0:03:53]} 15. Re1 {[%emt 0:05:05]} exd4 {[%emt 0:01:07]} 16. Nxd4 {[%emt 0:01:15]} Nc5 {[%emt 0:00:04]} 17. Bb1 {[%emt 0:02:13]} Bf8 {[%emt 0:00:04]} 18. f3 {[%emt 0:02:07]} b5 {[%emt 0:01:29]} 19. b4 {[%emt 0:02:18]} Na4 {[%emt 0:00:22]} 20. Qb3 {[%emt 0:01:39]} Nh5 {[%emt 0:00:27]} 21. Bf2 {[%emt 0:00:12]} Nf4 {[%emt 0:01:17]} 22. Kh2 {[%emt 0:03:03]} d5 {[%emt 0:02:15]} 23. g3 {[%emt 0:00:39]} Qf6 {[%emt 0:02:53]} 24. Qe3 {[%emt 0:01:44]} Ng6 {[%emt 0:01:06]} 25. Rc7 {[%emt 0:00:42]} Rab8 {[%emt 0:00:20]} 26. a3 {[%emt 0:00:34]} Bd6 {[%emt 0:00:22]} 27. Rcc1 {[%emt 0:00:58]} Rbc8 {[%emt 0:00:19]} 28. Nf5 {[%emt 0:00:44]} Bc7 {[%emt 0:00:31]} 29. Qa7 {[%emt 0:00:13]} Bc6 {[%emt 0:00:27]} 30. Bd4 {[%emt 0:00:19]} Be5 {[%emt 0:00:07]} 31. Bxe5 {[%emt 0:00:16]} Nxe5 {[%emt 0:00:38]} 32. Qd4 {[%emt 0:00:18]} dxe4 {[%emt 0:00:19]} 33. Bxe4 {[%emt 0:00:35]} Rcd8 {[%emt 0:00:43]} 34. Qe3 {[%emt 0:00:17]} Bxe4 {[%emt 0:00:11]} 35. fxe4 {[%emt 0:00:13]} Rxd2+ {[%emt 0:00:06]} 0-1

[Event "16th Deltalift Open 2019"]
[Site "Halmstad"]
[Date "2019.05.30"]
[Round "2.4"]
[White "Sjodahl, Pontus"]
[Black "Goransson, Martin"]
[Result "1-0"]
[WhiteElo "2435"]
[BlackElo "2112"]
[Annotator "ChessBase"]
[PlyCount "55"]
[EventDate "2019.05.30"]
[EventType "swiss"]
[EventCountry "SWE"]
[SourceTitle "playchess.com"]
[Source "ChessBase"]
[SourceQuality "1"]
[TimeControl "1800+12"]

1. d4 {[%emt 0:00:00]} Nf6 {[%emt 0:00:01]} 2. c4 {[%emt 0:00:00]} g6 {[%emt 0:00:05]} 3. Nc3 {[%emt 0:00:02]} Bg7 {[%emt 0:00:04]} 4. e4 {[%emt 0:00:06]} d6 {[%emt 0:00:03]} 5. f3 {[%emt 0:00:05]} O-O {[%emt 0:00:19]} 6. Be3 {[%emt 0:00:04]} c6 {[%emt 0:00:05]} 7. Nge2 {[%emt 0:00:13]} a6 {[%emt 0:00:13]} 8. c5 {[%emt 0:00:15]} b6 {[%emt 0:00:45]} 9. cxd6 {[%emt 0:02:19]} exd6 {[%emt 0:00:24]} 10. Qd2 {[%emt 0:01:12]} b5 {[%emt 0:01:56]} 11. Nf4 {[%emt 0:00:46]} Nbd7 {[%emt 0:00:51]} 12. Be2 {[%emt 0:00:54]} a5 {[%emt 0:01:01]} 13. O-O {[%emt 0:01:21]} Bb7 {[%emt 0:00:56]} 14. a4 {[%emt 0:02:50]} b4 {[%emt 0:01:11]} 15. Nd1 {[%emt 0:00:14]} c5 {[%emt 0:01:24]} 16. Nf2 {[%emt 0:06:51]} Re8 {[%emt 0:02:48]} 17. Rac1 {[%emt 0:03:40]} cxd4 {[%emt 0:03:01]} 18. Bxd4 {[%emt 0:00:53]} d5 {[%emt 0:00:35]} 19. Nxd5 {[%emt 0:02:29]} Nxd5 {[%emt 0:00:18]} 20. Bxg7 {[%emt 0:00:06]} Kxg7 {[%emt 0:00:22]} 21. exd5 {[%emt 0:00:04]} Bxd5 {[%emt 0:09:04]} 22. Bb5 {[%emt 0:00:50]} Be6 {[%emt 0:00:21]} 23. Rfd1 {[%emt 0:00:55]} Re7 {[%emt 0:00:55]} 24. Qd4+ {[%emt 0:00:38]} f6 {[%emt 0:00:58]} 25. Ne4 {[%emt 0:01:32]} Qb6 {[%emt 0:00:25]} 26. Bxd7 {[%emt 0:01:02]} Qxd4+ {[%emt 0:00:27]} 27. Rxd4 {[%emt 0:00:03]} Rd8 {[%emt 0:06:03]} 28. Nc5 {[%emt 0:01:19]} 1-0

[Event "16th Deltalift Open 2019"]
[Site "Halmstad"]
[Date "2019.05.30"]
[Round "2.5"]
[White "Torngren, Gustav"]
[Black "Brynell, Stellan"]
[Result "0-1"]
[WhiteElo "2091"]
[BlackElo "2406"]
[Annotator "ChessBase"]
[PlyCount "116"]
[EventDate "2019.05.30"]
[EventType "swiss"]
[EventCountry "SWE"]
[SourceTitle "playchess.com"]
[Source "ChessBase"]
[SourceQuality "1"]
[TimeControl "1800+12"]

1. b3 {[%emt 0:00:10]} d5 {[%emt 0:00:00]} 2. Bb2 {[%emt 0:00:04]} Bg4 {[%emt 0:00:00]} 3. f3 {[%emt 0:00:29]} Bh5 {[%emt 0:00:00]} 4. Nh3 {[%emt 0:00:01]} Nc6 {[%emt 0:02:09]} 5. Nf4 {[%emt 0:00:14]} Bg6 {[%emt 0:00:02]} 6. Nxg6 {[%emt 0:00:35]} hxg6 {[%emt 0:00:03]} 7. f4 {[%emt 0:03:17]} e6 {[%emt 0:02:11]} 8. e3 {[%emt 0:10:48]} g5 {[%emt 0:03:01]} 9. Qf3 {[%emt 0:05:29]} gxf4 {[%emt 0:00:19]} 10. exf4 {[%emt 0:00:12]} Nf6 {[%emt 0:00:48]} 11. Bb5 {[%emt 0:00:59]} Bc5 {[%emt 0:01:42]} 12. Nc3 {[%emt 0:00:27]} Qd6 {[%emt 0:00:33]} 13. O-O-O {[%emt 0:00:28]} O-O-O {[%emt 0:00:43]} 14. Bxc6 {[%emt 0:03:24]} Qxc6 {[%emt 0:00:08]} 15. f5 {[%emt 0:01:13]} e5 {[%emt 0:01:38]} 16. Ne2 {[%emt 0:00:38]} Bd6 {[%emt 0:00:55]} 17. h3 {[%emt 0:00:55]} Nd7 {[%emt 0:01:41]} 18. Nc3 {[%emt 0:00:49]} e4 {[%emt 0:00:42]} 19. Qe2 {[%emt 0:00:13]} Be5 {[%emt 0:01:02]} 20. Kb1 {[%emt 0:00:44]} a6 {[%emt 0:00:15]} 21. d4 {[%emt 0:00:14]} Bf6 {[%emt 0:04:02]} 22. Qe3 {[%emt 0:00:06]} Qd6 {[%emt 0:00:40]} 23. Ne2 {[%emt 0:00:06]} Nb6 {[%emt 0:01:22]} 24. Rc1 {[%emt 0:00:12]} Qe7 {[%emt 0:00:22]} 25. Rcf1 {[%emt 0:00:56]} Kb8 {[%emt 0:01:58]} 26. Bc1 {[%emt 0:00:05]} Nc8 {[%emt 0:01:16]} 27. g4 {[%emt 0:01:00]} g5 {[%emt 0:00:42]} 28. fxg6 {[%emt 0:00:16]} fxg6 {[%emt 0:00:01]} 29. g5 {[%emt 0:00:23]} Bg7 {[%emt 0:00:12]} 30. Nf4 {[%emt 0:00:55]} Qe8 {[%emt 0:00:31]} 31. c3 {[%emt 0:00:15]} Nd6 {[%emt 0:00:43]} 32. Nxd5 {[%emt 0:00:33]} Nf5 {[%emt 0:00:09]} 33. Rxf5 {[%emt 0:00:00]} gxf5 {[%emt 0:00:01]} 34. c4 {[%emt 0:00:08]} c6 {[%emt 0:01:28]} 35. Qf4+ {[%emt 0:00:17]} Ka7 {[%emt 0:00:21]} 36. Nf6 {[%emt 0:00:22]} Bxf6 {[%emt 0:01:47]} 37. gxf6 {[%emt 0:00:01]} Qe6 {[%emt 0:00:01]} 38. d5 {[%emt 0:00:13]} cxd5 {[%emt 0:00:20]} 39. cxd5 {[%emt 0:00:10]} Rxd5 {[%emt 0:00:27]} 40. Be3+ {[%emt 0:00:22]} Ka8 {[%emt 0:00:01]} 41. Rc1 {[%emt 0:00:16]} Qxf6 {[%emt 0:01:01]} 42. Qc7 {[%emt 0:00:11]} Qe6 {[%emt 0:00:07]} 43. Qg7 {[%emt 0:00:09]} Rg8 {[%emt 0:00:22]} 44. Qc7 {[%emt 0:00:16]} Rd3 {[%emt 0:00:44]} 45. Qc5 {[%emt 0:00:11]} Rxe3 {[%emt 0:00:02]} 46. Qxe3 {[%emt 0:00:01]} Rf8 {[%emt 0:00:43]} 47. Rf1 {[%emt 0:00:17]} Qe5 {[%emt 0:00:13]} 48. Qh6 {[%emt 0:00:19]} Re8 {[%emt 0:00:31]} 49. Qe3 {[%emt 0:00:09]} Rd8 {[%emt 0:00:05]} 50. Rc1 {[%emt 0:00:15]} f4 {[%emt 0:00:09]} 51. Qb6 {[%emt 0:00:01]} Qd5 {[%emt 0:00:26]} 52. Rc5 {[%emt 0:00:22]} Qd3+ {[%emt 0:00:14]} 53. Kb2 {[%emt 0:00:02]} e3 {[%emt 0:00:12]} 54. Rc7 {[%emt 0:00:23]} Qd2+ {[%emt 0:00:33]} 55. Kb1 {[%emt 0:00:10]} Qd1+ {[%emt 0:00:23]} 56. Rc1 {[%emt 0:00:03]} Qd3+ {[%emt 0:00:01]} 57. Kb2 {[%emt 0:00:09]} e2 {[%emt 0:00:11]} 58. Ka3 {[%emt 0:00:26]} Qd6+ {[%emt 0:00:16]} 0-1